White noise : an infinite dimensional calculus

Αποθηκεύτηκε σε:
Λεπτομέρειες βιβλιογραφικής εγγραφής
Κύριος συγγραφέας: Hida, Takeyuki 1927-
Μορφή: Βιβλίο
Γλώσσα:English
Δημοσίευση: Dordrecht ; Boston : Kluwer Academic Publishers, c1993
Σειρά:Mathematics and its applications (Kluwer Academic Publishers) ; 253
Θέματα:
Ετικέτες: Προσθήκη ετικέτας
Δεν υπάρχουν, Καταχωρήστε ετικέτα πρώτοι!

MARC

LEADER 00000nam a2200000 i 4500
001 1/81172
008 080409s1993 eng d
020 |a 0-7923-2233-9 
035 |l 10096402 
040 |a GR-MY-UA  |b gre  |e aacr 
041 0 |a eng 
082 0 |a 519.2  |2 (22) 
100 1 |a Hida, Takeyuki  |d 1927- 
245 1 0 |a White noise :  |b an infinite dimensional calculus /  |c by Takeyuki Hida ... [κ. ά.] 
260 |a Dordrecht ; Boston :   |b Kluwer Academic Publishers,   |c c1993 
300 |a xiii, 516 σ.;  |b εικ.;  |c 25 εκ. 
490 1 |a Mathematics and its applications  |v ; 253 
504 |a Περιέχει βιβλιογραφικές παραπομπές (σ. 486-506) και ευρετήριο 
650 0 0 |a Gaussian processes. 
650 0 0 |a Wiener integrals. 
830 0 |a Mathematics and its applications (Kluwer Academic Publishers)  |v ; 253 
852 |a INST  |b SAMOS  |e 20080409  |h 519.2 HID  |p 005300026536  |q 005300026536  |t BK  |y 0 
901 |a BIBL3-2008-1 
909 |a Σ  |b 151356 
922 |a 3ΕΛΗ  |b 200803  |c ΕΠΕΑΕΚ2/ΤΜΗΜΑ ΜΑΘΗΜΑΤΙΚΩΝ  |d ΠΑΠΑΣΩΤΗΡΙΟΥ 
970 |a ΡΟΥΣΣΟΥ  |b ΚΩΝΣΤΑΝΤΙΝΑ  |z 2008/04/09